| 000 | 00448nam a22001811a 4500 | ||
|---|---|---|---|
| 001 | 1606 | ||
| 003 | OSt | ||
| 005 | 20260204211740.0 | ||
| 008 | 040120s1998||||dr ||||||b||||||||||spa|| | ||
| 050 | _aRD 324.63 R299l | ||
| 082 | _aRD 324.63 R2991 | ||
| 111 | _aRepública Dominicana. | ||
| 245 | _aLey electoral No. 275-97 | ||
| 264 | _aSanto Domingo : [s.n.] | ||
| 300 | _a78 p. | ||
| 650 | _a1.Ley Electoral 2.Ley No. 275-97Ì | ||
| 942 |
_2ddc _cBK |
||
| 999 |
_c1606 _d1606 |
||